000 00352nam a2200145Ia 4500
008 230917s9999||||xx |||||||||||||| ||und||
040 _e188980
_aMAIN
041 _aEnglish
082 _a361.6 S79F
100 _aSirohi, Anand
245 0 _aFundamentals of social welfare
260 _aNew Delhi
_bWisdom
_c2012
300 _av, 390 p.
942 _cBK
999 _c158862
_d158862